|
|
|
|
| LEADER |
00000nam0a2200000 4500 |
| 001 |
254978 |
| 005 |
20231031215031.0 |
| 035 |
|
|
|a (RuTPU)RU\TPU\book\277480
|
| 090 |
|
|
|a 254978
|
| 100 |
|
|
|a 20140325d1972 m y0rusy50 ca
|
| 101 |
0 |
|
|a rus
|
| 102 |
|
|
|a RU
|
| 105 |
|
|
|a a j 001zy
|
| 200 |
1 |
|
|a Основы теории ошибок
|e учебное пособие для преподавателей физики высшей школы
|f А. А. Свешников
|
| 210 |
|
|
|a Ленинград
|c Изд-во Ленинградского ун-та
|d 1972
|
| 215 |
|
|
|a 124 с.
|c черт.
|
| 320 |
|
|
|a Библиогр.: с. 123.
|
| 606 |
1 |
|
|a Ошибок теория
|2 stltpush
|3 (RuTPU)RU\TPU\subj\47915
|
| 610 |
1 |
|
|a учебные пособия
|
| 610 |
1 |
|
|a измерения
|
| 610 |
1 |
|
|a результаты
|
| 610 |
1 |
|
|a математическая обработка
|
| 610 |
1 |
|
|a теория вероятностей
|
| 610 |
1 |
|
|a математическая статистика
|
| 675 |
|
|
|a 519.23(075.8)
|v 3
|
| 700 |
|
1 |
|a Свешников
|b А. А.
|g Арам Арутюнович
|
| 801 |
|
1 |
|a RU
|b 63413507
|c 20140325
|
| 801 |
|
2 |
|a RU
|b 63413507
|c 20150616
|g RCR
|
| 942 |
|
|
|c BK
|